000 00825nam a22002297a 4500
999 _c175505
_d175505
005 20200930124009.0
010 _aENG-128386
020 _c630.00
_a9789353943455
035 _aEN-111918
037 _bDBAD/PUB
082 _a302
100 _aAronson, Elliot
245 _aSocial Psychology:Tenth Edition/
_cby Eliot Aronson, Timothy D.Wilson, Robin M. Akert, Samuel R. Sommers Veena Tucker
260 _aNoida
_bPearson
_c2021
270 _a15th floor,Tower-B,Word Trade Tower,Plot no.1,Block-C sec 16,
_bNoida
_e201301
_k04466540100
_mcompanysecretary.india@pearson.com
300 _axxvi;668p.
_c25.5cm(pbk)
_bpictures tables, illustrations
700 _aWilson, Timothy D.
700 _aAkert, Robin M.
700 _aSommers, Samuel R.
700 _aTucker, Veena
942 _2ddc
_cEN
_h302
_mARO